El pais de los argentinos /
Guardado en:
| Autor Principal: | |
|---|---|
| Formato: | Libro |
| Publicado: |
Buenos Aires :
Pleamar,
1966
|
| Materias: | |
| Etiquetas: |
Agregar Etiqueta
Sin Etiquetas, Sea el primero en etiquetar este registro!
|
| LEADER | 00466nam a22001575a 4500 | ||
|---|---|---|---|
| 001 | EHU.bham020213 | ||
| 003 | AR-BHAM | ||
| 005 | 20101206171528.0 | ||
| 008 | 130507s1966##################000#0#####d | ||
| 082 | 9 | 8 | |a 982.06 |
| 100 | 1 | |a Dufourq, Esteban | |
| 245 | 1 | 0 | |a El pais de los argentinos / |c Esteban Dufourq |
| 260 | |a Buenos Aires : |b Pleamar, |c 1966 | ||
| 300 | |a 370 p. | ||
| 653 | |a Historia de argentina-1910- | ||
| 859 | |a AR-BHAM |b BIB. HUMANIDADES - General |h 982.06 |i D875 |p 120.96 |t Ej.1 | ||
